Caricamento...
Remote sensing applications in applied geoscience /
| Autore principale: | |
|---|---|
| Lingua: | Undetermined |
| Pubblicazione: |
New Delhi :
Manak Publications ,
1999.
|
| LEADER | 00475nam a2200133Ia 4500 | ||
|---|---|---|---|
| 001 | 24976 | ||
| 008 | 170722s9999 xx 000 0 und d | ||
| 100 | |a Mukherjee, Sacemitra | ||
| 245 | |a Remote sensing applications in applied geoscience / | ||
| 260 | |a New Delhi : |b Manak Publications , |c 1999. | ||
| 300 | |a 200 p. |c 22cms | ||
| 942 | |c GEN | ||
| 999 | |c 118776 |d 118776 | ||
| 952 | |0 0 |1 0 |4 0 |6 H_23_000000000000000_N9 |7 0 |9 168022 |a LIB |b LIB |d 2017-08-12 |o H23 N9 |p 232991 |r 2017-08-12 |v 550.00 |w 2017-08-12 |y GEN | ||